[Event "V Copa Marcel Duchamp 2022"]
[Site "Montevideo"]
[Date "2022.02.12"]
[Round "1.24"]
[White "De Cuadro, Dionisio"]
[Black "Carbone, Diego"]
[Result "0-1"]
[WhiteElo "1621"]
[BlackElo "2272"]
[Annotator "TA"]
[PlyCount "91"]
[EventDate "2022.02.12"]
[EventCountry "URU"]
[SourceTitle "playchess.com"]
[Source "ChessBase"]
[SourceQuality "1"]

{[%evp 14,91,0,-1,0,-62,-70,-60,-58,-57,-67,-129,-34,-42,-23,-32,-32,-26,-34,-36,-15,-24,-13,-20,-23,-90,-90,-107,-99,-106,-110,-122,-95,-178,-150,-147,-97,-88,-97,-83,-78,-128,-111,-95,-114,-144,-63,-62,-34,-29,-8,-8,-8,-17,-8,-8,-8,-61,-70,-231,-241,-339,-248,-390,-393,-1206,-1142,-1113,-1132,-29977,-29978,-6091,-1663,-1096,-683,-671,-624,-29971,-1548,-1018]} 1. d4 Nf6 {[%cal Bg8f6,Bf6d5,Bd5b6,Bb6c4][%mdl 32]} 2. Nf3 g6 3. g3 Bg7 4. Bg2 O-O 5. c4 d5 6. cxd5 Nxd5 7. e4 Nb6 8. Nc3 Bg4 {D74: Fianchetto Grünfeld: Main Line (5 Nf3 0-0 6 cxd5 Nxd5 7 0-0).} 9. Be3 ({Better is} 9. d5 $11) 9... Nc4 $1 $15 {[%cal Oc7c5]} 10. Qb3 {[%csl LRb7,LRc4]} Nxe3 {Black is slightly better.} 11. fxe3 {[#]} c5 $146 ({Predecessor:} 11... Nd7 12. O-O c5 13. e5 cxd4 14. exd4 Qb6 15. Nd5 Qxb3 16. Nxe7+ Kh8 17. axb3 Nb6 {0-1 (33) Vlckova,K (1947)-Petrova,K (2256) Prague 2017}) 12. Rd1 (12. Qxb7 $15 Nd7 13. O-O) 12... Nd7 (12... cxd4 $17 {...Nc6 is the strong threat.} 13. Qxb7 Qc8 $1 14. Qxc8 (14. Qxa8 $2 {loses.} dxc3 15. Qxa7 c2 $19) 14... Rxc8 15. exd4 Nc6) 13. O-O Bh6 {This bishop pair is nice.} 14. Nd5 e6 15. Nf4 Qb6 16. Qxb6 axb6 17. a3 g5 18. Ne2 Bh5 $36 {[%mdl 2048] Black has the initiative.} 19. h3 (19. Rd3 $11 {remains equal.}) 19... g4 $17 20. hxg4 Bxe3+ 21. Kh1 Bxg4 {Black is more active.} 22. Rd3 Bh6 23. Nc3 (23. Nf4 $17) 23... Rad8 24. d5 Bxf3 (24... Bg7 $142 25. Rd2 h5) 25. Bxf3 Ne5 26. Rdd1 Nc4 {Strongly threatening ...Ne3.} 27. Rf2 (27. dxe6 $142 fxe6 28. Rxd8 Rxd8 29. Bg4) 27... Be3 28. Rh2 Bd4 29. a4 Ne5 (29... Rfe8 $17 {aiming for ...Bxc3.} 30. Rf1 exd5 31. Nxd5 Nxb2 32. Nxb6 c4) 30. Be2 $15 Bxc3 31. bxc3 c4 32. Rh5 f6 33. Rd4 exd5 34. exd5 Ra8 35. Bd1 ({White should play} 35. Rdh4 $11) 35... b5 36. Bc2 {Now White is beyond hope.} (36. axb5 $15 Ra3 37. Bc2 (37. Bg4 Rfa8 $17)) 36... bxa4 $19 37. Bxh7+ (37. Kg2 {might work better.}) 37... Kg7 38. Bf5 (38. Bb1 $142 Rh8 39. Rxh8 Rxh8+ 40. Kg2) 38... Rh8 39. Rxh8 (39. g4) 39... Rxh8+ {[%mdl 4096] Endgame KRB-KRN} 40. Kg2 {[#]} Rh2+ $3 {[%mdl 512]} 41. Kf1 (41. Kxh2 Nf3+) 41... a3 42. Be4 a2 (42... f5 $142 43. Bg2 Ng4 44. Rxc4 Ne3+ 45. Kg1 Rxg2+ 46. Kh1 Nxc4 47. Kxg2 a2 48. g4 fxg4 49. Kg3 a1=Q 50. Kf4 Qxc3 51. Kf5 Qf3+ 52. Kg5 g3 53. d6 Ne5 54. Kh4 Qg4#) 43. Rd1 Kf7 44. Bg2 Ng4 {( -> ...Ne3+)} 45. Re1 {[#] To avoid Ne3+} Rxg2 $1 {[%mdl 512]} 46. Kxg2 {Weighted Error Value: White=0.73/Black=0.57} 0-1

[Event "V Copa Marcel Duchamp 2022"]
[Site "Montevideo"]
[Date "2022.02.12"]
[Round "1.25"]
[White "Miranda, Rafael"]
[Black "Balseca Moreno, Diego"]
[Result "1-0"]
[WhiteElo "2264"]
[BlackElo "2269"]
[Annotator "TA"]
[PlyCount "57"]
[EventDate "2022.02.12"]
[EventCountry "URU"]
[SourceTitle "playchess.com"]
[Source "ChessBase"]
[SourceQuality "1"]

{[%evp 17,57,19,31,18,67,57,102,24,162,145,256,266,287,286,263,288,262,266,285,293,270,268,372,368,564,559,849,850,827,819,1015,1042,1674,1588,1762,1134,1134,1131,29982,29983,29979,29980]} 1. e4 d6 2. d4 Nf6 3. Nc3 e5 4. Nf3 exd4 5. Nxd4 Be7 6. Be2 O-O 7. O-O Re8 8. f4 Bf8 9. Bf3 c6 10. Re1 {C41: Philidor Defence.} Qc7 (10... Na6 $11) 11. Be3 $14 b5 {[#]} (11... a5 $14) 12. a3 $146 (12. Ndxb5 $1 $16 {[%mdl 512]} cxb5 13. e5 dxe5 14. Bxa8) ({Predecessor:} 12. Ncxb5 Qd7 13. Nc3 Bb7 14. Nf5 c5 15. e5 Bxf3 16. Qxf3 dxe5 17. fxe5 Nd5 18. Nxd5 {1-0 (37) Skuhala,J (1966)-Srpak,D (1929) Croatia 2014}) 12... Nbd7 {[#] This costs Black the game.} (12... Bb7 $11 {and Black has nothing to worry.}) 13. Nxc6 $1 $18 {[%cal Oe4e5,Bd4c6,Bc6a7,Ba7b5,Bb5c3,Bc3d5][%mdl 32] e5! is the strong threat.} Bb7 (13... a6 $16 14. Nb4 Bb7) 14. Nxa7 Bxe4 15. Naxb5 Qb7 16. Nxe4 ({Much less strong is} 16. Nxd6 $6 Bxf3 17. Nxb7 Bxd1 $16) 16... Nxe4 17. Nc3 Ndf6 {[%cal Bd7f6,Bf6e4,Be4d2][%mdl 32]} 18. Bxe4 ({But not} 18. Nxe4 Nxe4 19. b4 d5 $18) 18... Nxe4 19. Qd5 Rab8 20. Bd4 Qxd5 (20... Nxc3 {might work better.} 21. Qxb7 Rxe1+ 22. Rxe1 Rxb7) 21. Nxd5 Nd2 22. Rxe8 Rxe8 23. a4 {[%cal Ba3a4,Ba4a5,Ba5a6][%mdl 32]} Re4 24. Bc3 h5 25. Bxd2 Rd4 {[#]} 26. c4 $1 Rxd2 27. a5 {Black must now prevent a6.} h4 28. a6 h3 29. gxh3 {Weighted Error Value: White=0.10 (very precise) /Black=0.92} 1-0

[Event "V Copa Marcel Duchamp 2022"]
[Site "Montevideo"]
[Date "2022.02.12"]
[Round "1.26"]
[White "Dabraccio, Guillermo"]
[Black "Michailov, Matias"]
[Result "0-1"]
[WhiteElo "1591"]
[BlackElo "2248"]
[Annotator "TA"]
[PlyCount "60"]
[EventDate "2022.02.12"]
[EventCountry "URU"]
[SourceTitle "playchess.com"]
[Source "ChessBase"]
[SourceQuality "1"]

{[%evp 15,60,12,18,-9,-3,-12,0,-12,-12,-18,-8,0,0,-73,-63,-79,-79,-68,-80,-78,-68,-63,-45,-81,-76,-116,-129,-125,-129,-139,-126,-116,-112,-113,-35,-100,-96,-104,-95,-95,-85,-81,-77,-80,-70,-81,-82]} 1. d4 Nf6 2. c4 g6 3. Nf3 Bg7 4. Nc3 O-O 5. e4 d6 6. Be2 e5 7. dxe5 dxe5 8. Bg5 c6 9. Qd2 {E92: King's Indian: Classical: 6 Be2 e5: 7 dxe5, 7 Be3 and Petrosian System without 7...Nbd7.} ({Don't play} 9. Nxe5 Qa5 10. Bxf6 Bxf6 $15) 9... Qxd2+ {[#]} 10. Nxd2 $146 ({Predecessor:} 10. Bxd2 Na6 11. Nxe5 Nc5 12. f3 Nfxe4 13. Nxg6 Nxc3 14. Ne7+ Kh8 15. bxc3 Be6 16. g4 {0-1 (46) Beratti,H (1180)-Gazen,L (1000) IECG email 2002}) 10... Na6 11. O-O {The position is equal.} Nc5 12. Be3 Ne6 13. Nb3 Nf4 {[%cal Of6e4] And now ...Nxe4! would win.} 14. Bxf4 (14. Bf3 $11 {remains equal.}) 14... exf4 $17 15. Rad1 Re8 16. f3 Nd7 {Inhibits Nc5.} 17. Rd2 Ne5 18. Rfd1 Bf8 ({Much weaker is} 18... Be6 19. Nc5 $11) 19. Rd8 Be6 {[%csl LRc4,LRd8]} 20. Rxe8 Rxe8 21. Nd2 Rd8 22. b3 Bc5+ 23. Kf1 Kf8 24. Ndb1 Bd4 (24... Rxd1+ $17 25. Nxd1 Ke7) 25. Rd2 (25. Nd5 $1 $15) 25... Ke7 26. Nd1 a6 {[%cal Ba7a6,Ba6b5][%mdl 32]} 27. Na3 b5 28. Nc2 Bb6 {Black is much more active. This bishop pair is nice.} 29. Rxd8 Kxd8 30. cxb5 axb5 {Weighted Error Value: White=0.17 (very precise) /Black=0.06 (flawless)} ({Much worse is} 30... cxb5 $6 31. Nb4 $15) 0-1

[Event "V Copa Marcel Duchamp 2022"]
[Site "Montevideo"]
[Date "2022.02.12"]
[Round "1.29"]
[White "Curi, Gabriel"]
[Black "Vassallo, Mariano"]
[Result "1-0"]
[WhiteElo "2205"]
[BlackElo "1581"]
[Annotator "TA"]
[PlyCount "51"]
[EventDate "2022.02.12"]
[EventCountry "URU"]
[SourceTitle "playchess.com"]
[Source "ChessBase"]
[SourceQuality "1"]

{[%evp 9,51,-15,-12,-7,13,4,4,0,4,6,6,0,0,-8,-2,0,38,12,18,20,28,0,305,303,465,447,480,479,482,490,518,488,504,482,495,483,525,509,1016,993,1099,1083,948,861]} 1. d4 d5 2. Nc3 Nf6 3. Bf4 e6 4. e3 Bd6 5. Nf3 Bxf4 6. exf4 {D00: 1 d4 d5: Unusual lines.} Nbd7 7. Bd3 c5 8. dxc5 {The position is equal.} Nxc5 9. O-O {[%cal Bh1f1,Bf1e1,Be1e4,Be4d4][%mdl 32]} O-O 10. Ne2 {[#]} Bd7 $146 ({Predecessor:} 10... Qc7 11. Ne5 Nfd7 12. Nxd7 Bxd7 13. Qd2 Rac8 14. c3 a6 15. g3 h6 16. Nd4 Rfe8 {0-1 (54) Dorohin,M (2317)-Sawlin,L (2409) Chess.com INT 2021}) 11. Ned4 Re8 12. Re1 Nxd3 13. Qxd3 Qc7 14. Ne5 Ne4 15. Nb3 {Pair of Knights!} (15. Rad1 {is interesting.} Rac8 16. c4 Nc5 17. Qc2 Ne4 18. b3) 15... f6 $2 {[%mdl 8192] [#]} (15... Ba4 $11 {and Black is okay.}) 16. Nxd7 $18 ({Weaker is} 16. Rxe4 dxe4 17. Qxd7 Qxd7 18. Nxd7 b6 $15) 16... Qxd7 (16... Qxf4 $142 17. f3 Ng5) 17. Rxe4 {White is clearly winning.} Qc7 18. Rd4 Rac8 19. c3 {[%cal Bc2c3,Bc3c4,Bc4d5,Bd5e6][%mdl 32]} b6 20. Re1 Qc6 21. Nd2 Rcd8 22. Nf3 Qd6 23. c4 Qb4 (23... Qc6 $142 24. cxd5 exd5) 24. cxd5 Qxb2 25. dxe6 Rxd4 26. Qxd4 {Weighted Error Value: White=0.06 (flawless) /Black=0.52} 1-0

[Event "V Copa Marcel Duchamp 2022"]
[Site "Montevideo"]
[Date "2022.02.12"]
[Round "1.30"]
[White "Pelaez, Diego"]
[Black "Fernandez, Maria Florencia"]
[Result "0-1"]
[WhiteElo "1575"]
[BlackElo "2200"]
[Annotator "TA"]
[PlyCount "64"]
[EventDate "2022.02.12"]
[EventCountry "URU"]
[SourceTitle "playchess.com"]
[Source "ChessBase"]
[SourceQuality "1"]

{[%evp 16,64,40,49,44,39,68,27,43,0,17,19,43,13,7,-63,-77,-87,-64,-64,-23,-128,-112,-176,-193,-236,-224,-265,-183,-191,-98,-177,-54,-95,-54,-493,-493,-487,-473,-619,-624,-622,-608,-566,-595,-559,-496,-29978,-29978,-5509,-1664]} 1. d4 Nf6 2. c4 g6 3. Nc3 Bg7 4. e4 d6 5. Nf3 O-O 6. h3 Nbd7 7. Be3 e5 8. d5 Nc5 9. Nd2 c6 {E90: King's Indian: Classical: Early deviations and 6 h3.} 10. b4 Ncd7 {[#]} 11. Qb3 $146 (11. Be2 $14 {deserves consideration.}) ({Predecessor:} 11. Nb3 Qc7 12. c5 Ne8 13. Rc1 f5 14. cxd6 Qxd6 15. dxc6 bxc6 16. Bc4+ Kh8 17. Nc5 Qxd1+ 18. Rxd1 {½-½ (26) Suarez,M (1821)-Rillo Badano,M (1758) Villaguay 2016}) 11... Nh5 {[%cal Bf6h5,Bh5f4,Bf4g2][%mdl 32] White has an edge.} 12. Nf3 (12. Rd1 $14 {is superior.}) 12... c5 13. a3 h6 14. Be2 Nf4 15. g3 (15. O-O $11) 15... Ng2+ $15 16. Kd2 Nxe3 17. fxe3 ({Don't play} 17. Kxe3 cxb4 18. axb4 Qb6+ 19. Kd2 (19. c5 $2 Nxc5 20. Na4 Nxa4+ $19) 19... f5 $17) 17... f5 (17... cxb4 $15 {might be stronger.} 18. axb4 a5) 18. h4 (18. Nh4 $1 $11) 18... f4 $17 19. exf4 (19. Rhg1 $17) 19... exf4 $19 20. gxf4 (20. Rhg1 {keeps fighting.} a5 21. b5 (21. gxf4 $2 axb4 22. Rxg6 bxc3+ 23. Qxc3 Nf6 $19)) 20... Rxf4 {[%cal Bf8f4,Bf4g4,Bg4c4][%mdl 32] Strongly threatening ...a5.} 21. Rag1 Nf8 22. bxc5 dxc5 (22... Qf6 $19 23. cxd6 Rxf3 24. Bxf3 Qxf3) 23. e5 {[#]} (23. Kc1 $17) 23... Bg4 (23... Bf5 $1 $19 {Hoping for ...Nd7.} 24. Rg3 (24. Qxb7 $2 Rb8 $19) 24... Nd7) 24. Rxg4 $1 $15 Rxg4 25. Qxb7 $2 {[%mdl 8192] [#] This costs White the game.} ({White should try} 25. d6 $1 $15) 25... Rb8 $1 $19 {[%cal Ba8b8,Bb8b2,Bb2e2][%mdl 32]} 26. Qxa7 Rb2+ 27. Kc1 {[#]} Rxe2 {[%mdl 576] Remove Defender} 28. Nxe2 Rxc4+ 29. Kd2 Qxd5+ 30. Ke3 Bxe5 {( -> ...Re4+)} 31. Nxe5 (31. Kf2 $19 Rc2 32. Qa4) 31... Qxe5+ 32. Kf2 Qf5+ {Weighted Error Value: White=0.84/Black=0.29 (precise)} (32... Re4 $142 33. Re1 Qf5+ 34. Kg2 Rg4+ 35. Ng3 Qf4 36. Re3 Qxe3 37. Qc7 Qe4+ 38. Kg1 Qf3 39. Kh2 Rxh4+ 40. Kg1 Rh3 41. Qe5 Rxg3+ 42. Qxg3 Qxg3+ 43. Kf1 Qh2 44. a4 c4 45. a5 c3 46. Ke1 c2 47. Kf1 c1=Q#) 0-1

[Event "V Copa Marcel Duchamp 2022"]
[Site "Montevideo"]
[Date "2022.02.12"]
[Round "1.31"]
[White "Muniz, Rafael"]
[Black "Bon, Charles"]
[Result "1-0"]
[WhiteElo "2194"]
[BlackElo "1562"]
[Annotator "NA"]
[PlyCount "49"]
[EventDate "2022.02.12"]
[EventCountry "URU"]
[SourceTitle "playchess.com"]
[Source "ChessBase"]
[SourceQuality "1"]
[TimeControl "5400+30"]

1. e4 c5 2. Nf3 e6 3. d4 cxd4 4. Nxd4 a6 5. Bd3 Qc7 6. f4 Nc6 7. Nxc6 dxc6 8. O-O Bc5+ 9. Kh1 Nf6 10. e5 Nd5 11. Qe2 b5 12. a3 Bb7 13. Nd2 Be7 14. Ne4 c5 15. c4 bxc4 16. Bxc4 Nb6 17. Bd3 c4 18. Bc2 Rc8 19. f5 Qxe5 20. Bf4 Qd5 21. Rad1 Qc6 22. Qg4 exf5 23. Qxg7 fxe4 24. Qxh8+ Bf8 25. Bxe4 1-0

[Event "V Copa Marcel Duchamp 2022"]
[Site "Montevideo"]
[Date "2022.02.12"]
[Round "1.32"]
[White "Blanco, Rudemar Ernesto"]
[Black "Carvalho, Guillermo"]
[Result "0-1"]
[WhiteElo "1549"]
[BlackElo "2171"]
[Annotator "NA"]
[PlyCount "66"]
[EventDate "2022.02.12"]
[EventCountry "URU"]
[SourceTitle "playchess.com"]
[Source "ChessBase"]
[SourceQuality "1"]
[TimeControl "5400+30"]

1. d4 d5 2. Bf4 e6 {[%emt 0:00:54]} 3. e3 {[%emt 0:01:52]} Nf6 {[%emt 0:00:10]} 4. Nf3 {[%emt 0:02:17]} c5 {[%emt 0:00:16]} 5. c3 {[%emt 0:00:40]} Nc6 {[%emt 0:00:09]} 6. Nbd2 {[%emt 0:00:30]} Bd6 {[%emt 0:00:11]} 7. Bg3 {[%emt 0:01:50]} O-O {[%emt 0:04:56]} 8. Bd3 {[%emt 0:00:30]} b6 {[%emt 0:05:57]} 9. Ne5 {[%emt 0:05:10]} Bb7 {[%emt 0:02:23]} 10. Nxc6 {[%emt 0:11:00]} Bxc6 {[%emt 0:00:09]} 11. Bxd6 Qxd6 12. Nf3 {[%emt 0:01:07]} Ne4 {[%emt 0:12:46]} 13. O-O {[%emt 0:06:53]} f6 {[%emt 0:02:29]} 14. Nd2 {[%emt 0:04:34]} Nxd2 {[%emt 0:02:18]} 15. Qxd2 {[%emt 0:00:15]} e5 {[%emt 0:01:23]} 16. Be2 {[%emt 0:01:11]} Rad8 {[%emt 0:01:55]} 17. a3 {[%emt 0:12:50]} Rfe8 18. Rfe1 {[%emt 0:03:07]} Re7 {[%emt 0:06:21]} 19. Bf1 {[%emt 0:07:21]} Be8 {[%emt 0:07:57]} 20. Bd3 {[%emt 0:02:10]} Bf7 {[%emt 0:03:01]} 21. Bf5 {[%emt 0:05:48]} Rde8 {[%emt 0:03:42]} 22. g3 {[%emt 0:01:14]} Bh5 23. Bd3 {[%emt 0:01:49]} Bf3 {[%emt 0:04:36]} 24. Be2 {[%emt 0:02:01]} Be4 {[%emt 0:01:18]} 25. Bd3 exd4 {[%emt 0:01:25]} 26. Bxe4 {[%emt 0:01:10]} Rxe4 {[%emt 0:02:17]} 27. exd4 {[%emt 0:01:57]} cxd4 {[%emt 0:00:30]} 28. Rxe4 {[%emt 0:00:30]} Rxe4 {[%emt 0:02:36]} 29. cxd4 {[%emt 0:05:38]} Qe6 {[%emt 0:04:03]} 30. Rd1 {[%emt 0:03:33]} h5 {[%emt 0:02:56]} 31. h4 {[%emt 0:03:09]} Re2 {[%emt 0:01:04]} 32. Qc3 {[%emt 0:02:28]} Qf5 {[%emt 0:00:51]} 33. f3 {[%emt 0:00:30]} Qh3 0-1

[Event "V Copa Marcel Duchamp 2022"]
[Site "Montevideo"]
[Date "2022.02.12"]
[Round "1.33"]
[White "Granara Barreto, Sebastian"]
[Black "Agrasot, Antonio"]
[Result "1-0"]
[WhiteElo "2131"]
[BlackElo "1548"]
[Annotator "ChessBase"]
[PlyCount "83"]
[EventDate "2022.02.12"]
[EventCountry "URU"]
[SourceTitle "playchess.com"]
[Source "ChessBase"]
[SourceQuality "1"]
[TimeControl "5400+30"]

1. e4 c6 2. d4 d5 3. e5 Bf5 4. h4 h6 5. Bd3 Bxd3 6. Qxd3 e6 7. Be3 Nd7 8. Ne2 Qb6 9. Qb3 Qxb3 10. axb3 c5 11. Nbc3 cxd4 12. Bxd4 a6 13. O-O-O Bc5 14. f4 O-O-O 15. Bxc5 Nxc5 16. b4 Nd7 17. Nd4 Ne7 18. h5 b5 19. g4 Kb7 20. Rhe1 {[%emt 0:35:08]} Nc6 {[%emt 0:23:11]} 21. Nxc6 {[%emt 0:06:02]} Kxc6 {[%emt 0:00:10]} 22. Ne2 {[%emt 0:00:04]} Kb7 {[%emt 0:01:03]} 23. Nd4 {[%emt 0:00:12]} Nb8 {[%emt 0:00:40]} 24. f5 {[%emt 0:04:57]} Rhe8 {[%emt 0:01:44]} 25. fxe6 {[%emt 0:01:56]} fxe6 {[%emt 0:00:13]} 26. Rf1 {[%emt 0:00:05]} Rd7 {[%emt 0:00:20]} 27. Nb3 {[%emt 0:00:07]} Rc7 {[%emt 0:01:52]} 28. Nc5+ {[%emt 0:01:51]} Kb6 {[%emt 0:00:34]} 29. c3 {[%emt 0:03:10]} Nd7 {[%emt 0:00:59]} 30. Nxd7+ {[%emt 0:01:33]} Rxd7 {[%emt 0:00:11]} 31. Rd4 {[%emt 0:00:04]} Ree7 {[%emt 0:00:30]} 32. Rdf4 {[%emt 0:00:15]} Kc7 {[%emt 0:01:34]} 33. Kd2 {[%emt 0:00:15]} Kd8 {[%emt 0:03:31]} 34. Kd3 {[%emt 0:00:15]} Rc7 {[%emt 0:00:15]} 35. b3 {[%emt 0:00:36]} Kc8 {[%emt 0:01:00]} 36. Rf8+ {[%emt 0:01:52]} Kb7 {[%emt 0:00:13]} 37. R1f4 {[%emt 0:00:24]} Rc8 {[%emt 0:02:25]} 38. Rxc8 {[%emt 0:05:26]} Kxc8 {[%emt 0:00:06]} 39. Kd4 {[%emt 0:00:15]} Rc7 {[%emt 0:00:24]} 40. Rf8+ {[%emt 0:00:10]} Kb7 {[%emt 0:00:28]} 41. Re8 {[%emt 0:01:36]} Rc6 {[%emt 0:00:58]} 42. Re7+ {[%emt 0:00:14]} 1-0

[Event "V Copa Marcel Duchamp 2022"]
[Site "Montevideo"]
[Date "2022.02.12"]
[Round "1.36"]
[White "Lavandeira, Juan Bautista"]
[Black "Brizzi, Milagros Tatiana"]
[Result "0-1"]
[WhiteElo "1516"]
[BlackElo "2063"]
[Annotator "ChessBase"]
[PlyCount "58"]
[EventDate "2022.02.12"]
[EventCountry "URU"]
[SourceTitle "playchess.com"]
[Source "ChessBase"]
[SourceQuality "1"]
[TimeControl "5400+30"]

1. d4 d5 2. c4 c6 3. g3 Nf6 4. Bg2 e6 5. Nf3 Nbd7 6. O-O Be7 7. Qc2 O-O 8. Nbd2 b6 9. e4 Bb7 10. b3 Rc8 11. e5 Ne8 12. Bb2 Nc7 13. Rac1 a5 14. a3 c5 15. Rfd1 cxd4 16. a4 Bc5 17. Qd3 f6 18. exf6 Qxf6 19. Bxd4 e5 20. Bxc5 Nxc5 21. Qe3 e4 22. Ne1 d4 23. Qe2 Rce8 24. Qg4 Qxf2+ 25. Kh1 e3 26. Ndf3 e2 27. Rxd4 Qf1+ 28. Ng1 Bxg2+ 29. Nxg2 Qxc1 0-1

[Event "V Copa Marcel Duchamp 2022"]
[Site "Montevideo"]
[Date "2022.02.13"]
[Round "2.1"]
[White "Guerrero, Alvaro"]
[Black "Delgado Ramirez, Neuris"]
[Result "0-1"]
[WhiteElo "2123"]
[BlackElo "2615"]
[Annotator "TA"]
[PlyCount "84"]
[EventDate "2022.02.12"]
[EventCountry "URU"]
[SourceTitle "playchess.com"]
[Source "ChessBase"]
[SourceQuality "1"]

{[%evp 16,84,2,0,22,29,42,25,40,21,32,29,62,47,56,55,61,57,69,36,33,26,27,33,72,68,41,22,10,-10,-30,-16,-5,-4,-7,-25,0,0,0,-109,-111,-41,-31,-31,0,0,0,0,36,-25,9,-33,0,-41,0,0,0,0,7,-7,-15,-156,-63,-86,-117,-885,-889,-2212,-1748,-29992,-29993]} 1. e4 c5 2. d3 Nc6 3. Nf3 Nf6 4. g3 d5 5. Nbd2 g6 6. Bg2 Bg7 7. O-O O-O 8. c3 b6 {[%cal Bb7b6,Bb6c5,Bc5c4][%mdl 32]} 9. Re1 Bb7 {A08: King's Indian Attack.} 10. e5 Ne8 {[%cal Bf6e8,Be8c7,Bc7e6][%mdl 32]} 11. d4 Nc7 {[#] White has an edge.} 12. dxc5 $146 ({Predecessor:} 12. Nf1 Ne6 13. Ne3 cxd4 14. cxd4 Rc8 15. h4 Nb4 16. a3 Nc6 17. Bh3 Na5 18. Ng5 {0-1 (50) Guo,A (1711)-Miljkovic,M (2482) Chess.com INT 2020}) 12... bxc5 13. Nb3 c4 14. Nc5 Bc8 15. Qa4 Qe8 16. b3 Ne6 17. Qa3 Rb8 18. bxc4 (18. Nxe6 {looks sharper.} Bxe6 19. Ng5 Nxe5 20. Bf4 Nd3 21. Rxe6 fxe6 22. Bxb8 Qxb8 23. Qxe7 Qe8 24. Qxe6+ Qxe6 25. Nxe6 Bxc3 26. Rb1) 18... dxc4 19. Be3 Nxe5 20. Nxe5 Bxe5 21. Nxe6 Bxe6 22. Bxa7 Rb5 23. Rab1 Rxb1 24. Rxb1 Qd7 {[%cal Oe5c3]} 25. Bc5 Bf5 {[%cal Be6f5,Bf5d3,Bd3e2][%mdl 32]} 26. Rc1 Bf6 27. Qb4 (27. h4 $11) 27... Qd2 $17 {[%csl LRa2,LRc1]} 28. Qa3 Bg5 {To avoid Be3} 29. Ra1 Bd3 30. h4 Bf6 31. Rc1 h5 32. Bf3 (32. Be3 $14 Qe2 33. Qa5) 32... Be2 {[#]} 33. Be4 (33. Be3 $1 $11 {feels stronger.} Qd3 34. Bg2) 33... Qd7 {[%cal Of6h4]} 34. Bg2 (34. Qa7 $11 Qd2 35. Be3) 34... Rc8 (34... Rb8 $15 {is superior.}) 35. Be3 $11 Qg4 36. Kh2 {Hoping for Bh3.} Rd8 37. Bh3 Qe4 38. Qa5 {[#]} (38. Qc5 $11) 38... Rd3 {Black is more active.} (38... Ra8 $1 $17 {[%cal Ra8a5]} 39. Qc5 Rxa2) 39. Bg2 Bf3 40. Bf1 {[%mdl 8192]} (40. Bxf3 $17 Qxf3 41. Qb5) 40... Rxe3 $19 41. fxe3 Be5 {( -> ...Qxh4+). A strong pair of Bishops.} 42. Bh3 Qxe3 {Weighted Error Value: White=0.67/Black=0.14 (very precise)} 0-1

[Event "V Copa Marcel Duchamp 2022"]
[Site "Montevideo"]
[Date "2022.02.13"]
[Round "2.2"]
[White "Tristan, Leonardo"]
[Black "Granara Barreto, Sebastian"]
[Result "1-0"]
[WhiteElo "2561"]
[BlackElo "2131"]
[Annotator "TA"]
[PlyCount "97"]
[EventDate "2022.02.12"]
[EventCountry "URU"]
[SourceTitle "playchess.com"]
[Source "ChessBase"]
[SourceQuality "1"]

{[%evp 16,97,1,0,0,0,3,1,16,-5,11,6,24,16,22,18,66,29,41,14,16,7,8,12,19,18,20,20,20,20,17,18,18,18,17,0,0,0,0,0,14,17,18,19,43,39,44,11,11,11,11,11,201,11,11,17,25,8,8,8,8,8,8,8,8,8,8,9,279,39,443,360,7063,6532,6435,6435,4582,5308,1026,1355,29979,29980,29972,29972]} 1. d4 Nf6 2. Bg5 g6 3. Bxf6 exf6 4. e3 Bg7 5. g3 f5 6. Bg2 O-O 7. Ne2 d5 8. O-O c6 9. Nd2 {[%cal Bb1d2,Bd2c4,Bc4a5][%mdl 32]} Nd7 {A45: Trompowsky Attack.} 10. c4 dxc4 11. Nxc4 Nb6 {The position is equal.} 12. Na5 Qe7 {[#]} 13. a3 $146 ({Predecessor:} 13. Qd2 Be6 14. Nf4 h5 15. h4 Rad8 16. Qe2 Nd5 17. Nxe6 fxe6 18. Nc4 e5 19. dxe5 Bxe5 20. Nxe5 Qxe5 {½-½ (42) Xiao,Y (2290)-Zhu,J (2439) Hangzhou 2019}) 13... g5 14. b4 Be6 15. Qd3 Rfe8 (15... Rab8 $11 {deserves consideration.}) 16. Rac1 Rac8 17. Rc5 Qd7 18. g4 {[%cal Rg4f5]} Nd5 19. b5 {[%cal Oa5b7]} cxb5 20. Qxb5 {[%cal Rg2d5]} Rxc5 21. Qxd7 Bxd7 22. dxc5 Nf4 23. Nxf4 gxf4 24. Nxb7 fxe3 25. fxe3 {Hoping for c6.} fxg4 26. Bd5 Be6 {This bishop pair is nice.} 27. Nd6 {[%csl LRe8,LRf7]} Rd8 28. Bxe6 fxe6 $11 {[%mdl 4096] Endgame KRB-KRN} 29. Rf4 Be5 30. Rxg4+ Kf8 31. Ra4 Bxd6 32. cxd6 Rxd6 33. Rxa7 {Black must now prevent a4. KR-KR} Rd3 $2 {[#]} (33... Rd1+ $1 $11 {and Black stays safe.} 34. Kf2 Rd2+ 35. Kg3 Re2) 34. Kf2 $2 ({Don't take} 34. Rxh7 $6 Rxa3 35. Kf2 Ra4 $16) (34. a4 $1 $18) 34... Rd2+ 35. Kg3 {Threatens to win with a4.} Re2 $1 36. Kf4 Rxh2 37. Ke5 Re2 38. Kf6 {[%cal Ra7a8]} Ke8 39. Re7+ Kd8 40. Rxe6 Kd7 41. e4 {[%cal Be3e4,Be4e5][%mdl 32] aiming for Re7+.} Re3 $2 {[%mdl 8192] [#]} (41... Rf2+ $11 42. Ke5 Ra2) 42. a4 $2 ({Only move:} 42. Re7+ $1 $18 Kc6 43. e5 (43. Rxh7 Rxe4 44. Ra7 Kb6 $11)) 42... h5 $2 {[%mdl 8192]} (42... Rf3+ $1 $14 43. Ke5 Ra3) 43. Re7+ Kd8 $2 (43... Kc6 44. e5 Rf3+ 45. Ke6 h4) 44. e5 h4 45. Rh7 h3 46. a5 {[%cal Ba4a5,Ba5a6,Ba6a7][%mdl 32] Intending a6 and mate.} Rf3+ 47. Ke6 {a6 would kill now.} Rd3 48. a6 Ra3 49. a7 {Weighted Error Value: White=0.35/Black=0.70} 1-0